000 00810nam0a2200277 4500
001 RU\NLR\bibl\1072242
005 20250615043758.0
010 _a5-9717-0333-1
_94000
021 _aRU
_b2007-13160
_9701
035 _a(NLR Aleph) 001059467
090 _a929324
_c929324
100 _a20070412d2007 |||y0rusy50 ca
101 0 _arus
102 _aRU
105 _ay |||||||||
200 1 _aРыцарь понарошку
_fОлег Бондарев
210 _aСанкт-Петербург
_cКрылов
_d2007
215 _a401,[3] с.
_d21
225 1 _aМир фэнтези
700 1 _aБондарев
_bО.
_gОлег
_4070
801 0 _aRU
_bNLR
_c20070412
_gRCR
801 1 _aRU
_bNLR
_c20070412
830 _aАвт. раскрыт по кн.
942 _cBOOK
980 _aNB